000 00911nam a2200313Ia 4500
003 OSt
005 20221007122554.0
006 a|||||r|||| 00| 0
007 ta
008 221006b |||||||| |||| 00| 0 eng d
020 _a9789814304481 (pbk)
024 _a111488
037 _cTextbook
040 _aPAPL
_cPAPL
_beng
041 _2eng
_aeng
082 _aCz7, Q0 Carpa
100 _aMarcolli Matilde
_9443950
245 0 _aFeynman motives
260 _aNew
_bJersey World Scientific
_c2010
300 _axiii, 220p.
_ccm.
500 _aBibliography 207-214p.; Index 215-220p.
650 _a Applied mathematics
_9714589
650 _a Feynman motives
_9714590
650 _a Quantum field theory
650 _a Quantum theory
_9612792
650 _aFeynman integrals
_9714591
942 _hCz7, Q0 Carpa
_cTB
_2CC
999 _c1210595
_d1210595